000 00700nam a22000977a 4500
008 160314b xxu||||| |||| 00| 0 eng d
100 _aErler, Martin
245 _aKatalog der Stempelmarken von Deutschland VIII. Deutsche Besatzungsausgaben 1914-1919 / 1939-1945 ; Alliierte Besatzungsausgaben 1947-1951 vol 8
_bCatalogue of the adhesive revenue stamps of Germany VIII. German Occupation issues / 1914-1919 / 1938-1945 ; Allied Occupation issues 1947-1951
260 _aIcking, Germany
_bORA Verlag
_c1983
650 _aGermany | Revenues | Catalogs and Price Lists | Occupation Issues | World War I, 1914-1918 | World War II, 1939-1945 | Allied Occupation | 1947-1951 | Post World War II | Cinderella Material
999 _c1830
_d1830